000 01074nam a2200325Ia 4500
005 20220317001749.0
008 170328s2015 c g 000 f s
020 _a9789588699462
041 _aspa
100 1 _aHouellebecq, Michel
_d1958-
245 1 0 _aSumisión
_cMichel Houellebecq ; traducción de Joan Riambau
250 _a1a. edición
300 _a281 páginas
_c23 cm
490 _aPanorama de narrativas
500 _aIncluye datos biográficos del autor en solapa
534 _tSoumission flammarion
650 1 4 _2LEMB
_aNovela francesa
_ySiglo XX
650 1 4 _2LEMB
_aLiteratura francesa
_ySiglo XX
650 1 4 _2LEMB
_aPolítica en la literatura
650 1 4 _2LEMB
_aIslamismo en la literatura
650 1 4 _2LEMB
_aPartidos políticos en la literatura
700 1 _aRiambau, Joan
_etraductor
_990244
942 _2loc
_cBKLIT
264 _aBogotá
_bAnagrama
_c2015
336 _atexto
_btxt
_2rdacontent
337 _asin mediación
_bn
_2rdamedia
338 _avolumen
_bnc
_2rdacarrier
040 _aCO-BoRNBP
_bspa
_erda
_cCO-BoRNBP
084 _aN HOU1
999 _c8016
_d8016